[Event "D80"]
[Site "Cleanchess.com Lutsk UKR"]
[Date "2018.02.18"]
[Round "9.2"]
[White "Bogdanovich,S"]
[Black "Peng,Li Min"]
[Result "1-0"]
[WhiteElo "2560"]
[BlackElo "2320"]

1.d4 Nf6 2.c4 g6 3.Nc3 d5 4.e3 Bg7 5.Qb3 e6 6.Qa3 a5 7.Bd2 c6 8.b3 Na6 9.Nf3
Nb4 10.Qb2 O-O 11.a3 Na6 12.Bd3 c5 13.O-O b6 14.cxd5 exd5 15.Ne5 cxd4 16.exd4
Nc7 17.Rac1 Ba6 18.Bxa6 Nxa6 19.Nb5 Ne4 20.Bf4 Qf6 21.Be3 Rfc8 22.Qe2 Qe6
23.Rxc8+ Qxc8 24.Rc1 Qe8 25.f3 Bxe5 26.fxe4 Bg7 27.e5 Bf8 28.h3 Rc8 29.Rxc8
Qxc8 30.Nd6 Bxd6 31.exd6 Nb8 32.Bg5 Qe6 33.Qxe6 fxe6 34.Bd8 Nd7 35.Kf2 Kf7
36.Ke3 e5 37.dxe5 a4 38.bxa4 Nxe5 39.Bxb6 Nc4+ 40.Kd4 Nxb6 41.a5 Nc4 42.a6
Nxd6 43.Kxd5 Nc8 44.Kc6 Ke6 45.Kc7 Na7 46.Kb7 Nb5 47.a4 Nd6+ 48.Kb8 Nc4 49.a7
Nb6 50.a5 Nd7+ 51.Kc7 Kd5 {#r} 1-0

[Event "D82"]
[Site "Cleanchess.com Lutsk UKR"]
[Date "2018.02.16"]
[Round "14.5"]
[White "Simantsev,M"]
[Black "Peng,Li Min"]
[Result "0-1"]
[WhiteElo "2486"]
[BlackElo "2320"]

1.d4 Nf6 2.c4 g6 3.Nc3 d5 4.Bf4 Bg7 5.e3 c5 6.dxc5 Qa5 7.Qa4+ Qxa4 8.Nxa4 Ne4
9.f3 Bd7 10.fxe4 Bxa4 11.exd5 Nd7 12.Nf3 Bxb2 13.Rb1 Bc3+ 14.Kf2 Nxc5 15.Be5
Bxe5 16.Nxe5 f6 17.Nd3 Bc2 18.Nxc5 Bxb1 19.Nxb7 Bxa2 20.Bd3 Rc8 21.Ra1 Rb8
22.Nc5 Rb2+ 23.Kf3 Kf7 24.Na4 Rd2 25.Bf1 Rc8 26.e4 Bxc4 {#R} 0-1

[Event "D83"]
[Site "Cleanchess.com   INT"]
[Date "2018.02.14"]
[Round "6"]
[White "Holt,C"]
[Black "Sarana,A"]
[Result "0-1"]
[WhiteElo "2578"]
[BlackElo "2562"]

1.d4 Nf6 2.c4 g6 3.Nc3 d5 4.Bf4 Bg7 5.e3 O-O 6.Rc1 Be6 7.c5 c6 8.Bd3 Ne4 9.h4
Nd7 10.Nge2 f5 11.h5 Bf7 12.hxg6 hxg6 13.Bxe4 dxe4 14.Bg5 Nf6 15.Nf4 Qc7
16.Nce2 Rad8 17.Qa4 e5 18.dxe5 Qxe5 19.Nd4 Rd7 20.Nfe2 Nd5 21.a3 a6 22.g3 Re8
23.Kf1 Nf6 24.Bf4 Qd5 25.Bh6 Bh8 26.Kg2 Ng4 27.Bg5 Bg7 28.Rh4 Ne5 29.Nf4 Qa2
30.Qc2 Rxd4 31.exd4 Nf3 32.Nh3 Nxd4 33.Qd1 Nf3 34.Rf4 Bd5 35.Rc2 Qb3 36.Rxf3
exf3+ 37.Kh2 Re2 38.Rd2 Qxd1 39.Rxd1 Bxb2 40.Kg1 Bxa3 41.Nf4 Rc2 42.Nxd5 cxd5
43.Rxd5 Bxc5 44.Rd8+ Kf7 45.Rd7+ Ke6 46.Rxb7 Rxf2 47.Kh1 Ra2 48.Rc7 Ra1+
49.Kh2 f2 {#R} 0-1

[Event "D85"]
[Site "Cleanchess.com   INT"]
[Date "2018.02.14"]
[Round "6"]
[White "Akobian,V"]
[Black "Hansen,Eric"]
[Result "0-1"]
[WhiteElo "2647"]
[BlackElo "2629"]

1.d4 Nf6 2.c4 g6 3.Nc3 d5 4.cxd5 Nxd5 5.e4 Nxc3 6.bxc3 Bg7 7.Be3 c5 8.Nf3 Qa5
9.Qd2 Nc6 10.Rb1 cxd4 11.cxd4 Qxd2+ 12.Kxd2 O-O 13.Bd3 e6 14.Rhc1 Rd8 15.Rc4
Bd7 16.Bg5 f6 17.Be3 b6 18.Ke2 Rac8 19.Rbc1 Bf8 20.g4 Bd6 21.h3 Kf7 22.R4c3
Bb4 23.Rc4 Bd6 24.R4c3 Bb4 25.Rc4 Ba3 26.R1c3 Bb4 27.Rc1 b5 28.R4c2 Ba3 29.Rd1
a6 30.g5 f5 31.d5 exd5 32.exd5 Nb4 33.Ne5+ Ke7 34.Rxc8 Rxc8 35.Bb1 Nc2 36.Bxc2
Rxc2+ 37.Rd2 Rc8 38.h4 Bd6 39.f4 b4 40.Kf3 Bb5 41.Bd4 Rc1 42.Rh2 Rd1 43.Ke3
Bxe5 44.Bxe5 Rxd5 45.Rd2 Ke6 46.Rxd5 Kxd5 47.Kd2 Kc4 48.Kc2 a5 49.Kb2 a4 50.a3
b3 51.Bc3 Kd3 52.Be5 Bc4 53.Bc7 Bf7 54.Be5 Ke3 55.Bd6 Be8 56.Be5 Kf3 57.Bd6
Kg4 58.Be5 Kxh4 59.Bd6 Bf7 60.Be5 Kh5 61.Bg7 Bg8 {#R} 0-1

[Event "D85"]
[Site "Cleanchess.com Israel ISR"]
[Date "2018.02.16"]
[Round "7.1"]
[White "Golod,V"]
[Black "Drori,Saar"]
[Result "1-0"]
[WhiteElo "2539"]
[BlackElo "2380"]

1.d4 Nf6 2.c4 g6 3.Nc3 d5 4.cxd5 Nxd5 5.e4 Nxc3 6.bxc3 Bg7 7.Nf3 c5 8.Be3 Qa5
9.Nd2 Bd7 10.Rb1 Qxc3 11.dxc5 Na6 12.Bxa6 bxa6 13.O-O Bb5 14.Re1 O-O 15.Qb3
Rfd8 16.Rec1 Qe5 17.c6 Rac8 18.Rc5 Qc7 19.Rbc1 Bd4 20.Bxd4 Rxd4 21.Nf3 Rxe4
22.Ng5 Rf4 23.g3 Rf6 24.a4 Be2 25.h3 h6 26.Qe3 hxg5 27.Qxe2 Rd8 28.R5c2 a5
29.Qb5 Rc8 30.Qxg5 Qb6 31.Qd5 Rd6 32.Qe4 Rc7 33.Rc4 Qa6 34.h4 Qc8 35.Rc5 a6
36.Qc4 Kg7 37.Qc3+ Rf6 38.Kg2 Qg4 39.Rc4 Qf5 40.Qd4 Qf3+ 41.Kg1 e5 42.Qb6 Rb7
43.Qc5 Rc7 44.R4c3 Qe2 45.Qb6 Rc8 46.R3c2 Qf3 47.Rc3 Qe2 48.Qe3 Qxe3 49.Rxe3
Re6 50.c7 Re7 51.Rec3 Kf6 52.Rc6+ Re6 53.Rxe6+ Kxe6 54.g4 f5 55.h5 gxh5
56.gxh5 Kd7 57.Kf1 Ke7 58.h6 Kf7 59.Rc6 Kg8 60.Ke2 Kh7 61.Kd3 Kg8 {#r} 1-0

[Event "D90"]
[Site "Cleanchess.com Moscow RUS"]
[Date "2018.02.18"]
[Round "3.1"]
[White "Esipenko,Andrey"]
[Black "Dubov,Daniil"]
[Result "0-1"]
[WhiteElo "2571"]
[BlackElo "2694"]

1.d4 Nf6 2.c4 g6 3.Nc3 d5 4.Nf3 Bg7 5.h4 Bg4 6.Qb3 c5 7.Qxb7 Nbd7 8.Ne5 O-O
9.Nc6 Qe8 10.Nb5 Kh8 11.f3 cxd4 12.cxd5 Nxd5 13.Ncxd4 Nb4 14.fxg4 Nc5 15.Qf3
a6 16.Bd2 axb5 17.Bxb4 Na6 18.Bd2 Bxd4 19.O-O-O Nc5 20.Kb1 b4 21.Bxb4 Qa4
22.Rxd4 Qxa2+ 23.Kc2 Qa4+ 24.Kb1 Nb3 25.Qc3 Kg8 26.e3 Nxd4 {#R} 0-1

[Event "D94"]
[Site "Cleanchess.com Neustadt an der Weinstrasse GER"]
[Date "2018.02.13"]
[Round "9.6"]
[White "Malakhatko,V"]
[Black "Zuferi,E"]
[Result "1-0"]
[WhiteElo "2541"]
[BlackElo "2300"]

1.d4 Nf6 2.c4 g6 3.Nc3 d5 4.Nf3 Bg7 5.e3 O-O 6.Bd2 e6 7.Qb3 c6 8.Bd3 Nbd7
9.O-O Qe7 10.e4 dxe4 11.Nxe4 Nxe4 12.Bxe4 c5 13.Qa3 Re8 14.Rad1 f5 15.Bc2 Nb6
16.Bb3 cxd4 17.Bb4 Qf7 18.Nxd4 Bd7 19.Bc5 Bf8 20.Bxf8 Qxf8 21.c5 Nd5 22.Nxe6
Bxe6 23.Bxd5 Bxd5 24.Rxd5 Qf7 25.Qd3 Re7 26.b4 Rae8 27.a3 f4 28.h3 Re4 29.Rd1
R8e7 30.Qc3 Re1+ 31.Kh2 Rxd1 32.Rxd1 Re8 33.Rd6 g5 34.Qd4 g4 35.hxg4 Qe7
36.Qf6 {#r} 1-0

[Event "D97"]
[Site "Cleanchess.com   INT"]
[Date "2018.02.14"]
[Round "6"]
[White "Flores Rios,M"]
[Black "Le Quang Liem"]
[Result "0-1"]
[WhiteElo "2529"]
[BlackElo "2737"]

1.d4 Nf6 2.c4 g6 3.Nc3 d5 4.Nf3 Bg7 5.Qb3 dxc4 6.Qxc4 O-O 7.e4 a6 8.Be2 b5
9.Qb3 c5 10.dxc5 Bb7 11.e5 Nfd7 12.Be3 Nxe5 13.Nxe5 Bxe5 14.O-O Qc7 15.f4 Bg7
16.Nd5 Bxd5 17.Qxd5 Nc6 18.Bf3 Na5 19.Qxa8 Rxa8 20.Bxa8 Bxb2 21.Rad1 Ba3 22.c6
Qc8 23.Bb7 Nxb7 24.cxb7 Qxb7 25.f5 f6 26.h3 Qe4 27.Rf3 gxf5 28.Rdf1 Bd6 29.Bf4
e5 30.Be3 f4 31.Bf2 Qc2 32.Be1 b4 33.Kh1 Qxa2 34.Rd3 Qe2 35.Rdf3 a5 36.Bh4 Kf7
37.R3f2 Qd3 38.Rf3 Qd5 39.Rc1 b3 40.Rff1 b2 41.Rcd1 Qb5 42.Rfe1 Bb4 43.Rg1 a4
{#R} 0-1

[Event "E00"]
[Site "Cleanchess.com Graz AUT"]
[Date "2018.02.18"]
[Round "2.1"]
[White "Ding,Tze How Dilwen"]
[Black "Istratescu,A"]
[Result "0-1"]
[WhiteElo "2306"]
[BlackElo "2595"]

1.d4 e6 2.c4 Nf6 3.Nf3 d5 4.g3 Bb4+ 5.Bd2 Bd6 6.Bg2 c6 7.O-O Nbd7 8.Qb3 Ne4
9.cxd5 exd5 10.Bb4 Qb6 11.Bxd6 Qxb3 12.axb3 Nxd6 13.Nc3 O-O 14.Rfc1 a6 15.Na4
Re8 16.e3 Rb8 17.b4 Nf8 18.Nc5 h6 19.Bf1 Bf5 20.Ra3 Ne6 21.Nxe6 Rxe6 22.Nd2 g5
23.Bd3 Bxd3 24.Rxd3 Rbe8 25.Nb3 Ne4 26.Nc5 R6e7 27.g4 Kg7 28.Nxe4 Rxe4 29.h3
h5 30.gxh5 Rh8 31.Kg2 Rxh5 32.f3 Reh4 33.Rh1 f5 34.Rdd1 Kf6 35.Rdf1 Rh8 36.Re1
R8h7 37.Ref1 Rh8 38.Re1 R8h6 39.Ref1 Ke7 40.b3 Re6 41.Re1 Kd6 42.Kf2 Reh6
43.Kg2 Kc7 44.b5 axb5 45.b4 Kd6 46.Ra1 f4 47.e4 dxe4 48.fxe4 g4 49.hxg4 f3+
{#R} 0-1

[Event "E00"]
[Site "Cleanchess.com Newcastle ENG"]
[Date "2018.02.18"]
[Round "8.5"]
[White "Berry,N"]
[Black "Tan,Ju2"]
[Result "1-0"]
[WhiteElo "2267"]
[BlackElo "2479"]

1.d4 Nf6 2.c4 e6 3.g3 d5 4.Nf3 Bb4+ 5.Bd2 Bd6 6.Nc3 O-O 7.Bg2 dxc4 8.O-O c6
9.Bg5 Nbd7 10.Nd2 Nb6 11.a4 a5 12.e3 e5 13.d5 cxd5 14.Nxd5 Nbxd5 15.Bxd5 Be7
16.Bxf6 Bxf6 17.e4 Qe7 18.Nxc4 Ra6 19.Qb3 Kh8 20.Qa3 Qb4 21.Rfd1 g6 22.Rd3 Be6
23.b3 Rd8 24.Qxb4 axb4 25.Rad1 Bg4 26.f3 Bc8 27.Bxf7 Rf8 28.Bd5 Re8 29.Kg2 Re7
30.Ne3 Re8 31.Bc4 Ra8 32.Bb5 Re6 33.Nd5 Rb8 34.Rc1 Bg5 35.Rc4 Rd6 36.Rxb4 Be6
37.Bc4 Bg8 38.Rb6 Rdd8 39.h4 Bc1 40.a5 Bb2 41.a6 bxa6 42.Rxb8 Rxb8 43.Bxa6 Bd4
44.Bc4 Be6 45.Ne3 Bc8 46.Nc2 Bb6 47.Rd6 Kg7 48.Kf1 Kf8 49.Rf6+ Ke8 50.Rf7 Ra8
51.Rxh7 Bh3+ 52.Ke2 Ra2 53.Bd3 Rb2 54.h5 gxh5 55.Rxh5 Be6 56.Rxe5 Kd7 57.Kd2
Rb1 58.Rb5 Bf2 59.f4 Bxg3 60.f5 Bxb3 61.Ne3 Rh1 62.Rxb3 Bf4 63.Bb5+ Kd6 64.Ke2
Ke5 65.Ng4+ {#r} 1-0

[Event "E00"]
[Site "Cleanchess.com   INT"]
[Date "2018.02.14"]
[Round "6"]
[White "Flores Rios,M"]
[Black "Ashwin,J"]
[Result "0-1"]
[WhiteElo "2529"]
[BlackElo "2486"]

1.d4 Nf6 2.c4 e6 3.g3 d5 4.Nf3 Bb4+ 5.Bd2 Bd6 6.Nc3 O-O 7.Qc2 Nc6 8.e4 Nb4
9.Qb1 dxe4 10.Nxe4 Nxe4 11.Qxe4 f5 12.Qb1 b6 13.Bg2 Bb7 14.O-O Be4 15.Qd1 Nc2
16.Rc1 Bxf3 17.Qxf3 Nxd4 18.Qxa8 Ne2+ 19.Kh1 Qxa8 20.Bxa8 Nxc1 21.Bc6 Nd3
22.Bc3 Be5 23.Bxe5 Nxe5 24.Bb5 Nd3 25.Kg1 Rd8 26.Rd1 Rd6 27.Rd2 Nc1 28.Rxd6
cxd6 29.a3 Nb3 30.f4 Kf7 31.Kf2 Kf6 32.Ke3 e5 33.Ba4 Nd4 34.Bd1 g5 35.fxg5+
Kxg5 36.Kd3 Ne6 37.Ke3 Kf6 38.Bc2 h6 39.Bd1 e4 40.g4 Ke5 41.gxf5 Nd4 42.f6
Nf5+ 43.Kd2 Kxf6 44.Bg4 Ke5 45.h3 Kf4 46.b4 Nd4 47.a4 Nc6 48.Kc3 Ke3 49.Bd7
Ne5 50.Bf5 a5 51.bxa5 bxa5 52.Be6 Nd3 53.Bg4 Nc5 54.Bd1 Kf2 55.Kd4 e3 56.Kd5
Nxa4 57.Kxd6 Nb2 58.c5 Nxd1 59.c6 e2 60.c7 e1=Q 61.c8=Q Qd2+ 62.Ke7 Qg5+
63.Kf7 Ne3 64.Qc3 Kg3 65.Qb2 Kxh3 66.Kf8 Qf5+ 67.Kg8 h5 68.Kg7 h4 69.Kh8 a4
70.Qa3 Qe5+ 71.Kh7 Qe4+ 72.Kh8 Kg4 73.Qc3 h3 74.Qg7+ Kf4 75.Qh6+ Kg3 76.Qd6+
Qf4 77.Qg6+ Kf2 78.Qh5 Qf8+ 79.Kh7 Qf5+ {#R} 0-1

[Event "E01"]
[Site "Cleanchess.com Newcastle ENG"]
[Date "2018.02.18"]
[Round "8.1"]
[White "Vakhidov,J"]
[Black "Percivaldi,Martin"]
[Result "1-0"]
[WhiteElo "2532"]
[BlackElo "2395"]

1.d4 Nf6 2.c4 e6 3.g3 d5 4.Bg2 Bb4+ 5.Bd2 Bd6 6.Nc3 c6 7.e4 dxe4 8.Nxe4 Nxe4
9.Bxe4 O-O 10.Nf3 Nd7 11.O-O h6 12.Bc3 Qc7 13.Re1 b6 14.d5 exd5 15.cxd5 f5
16.Nd4 fxe4 17.Ne6 Qb7 18.Bxg7 Nf6 19.Bxf8 Bxf8 20.Nxf8 Kxf8 21.Qd4 Kf7
22.Rac1 Bd7 23.Rxe4 Nxe4 24.Qxe4 Re8 25.Qh7+ Kf8 26.Qxh6+ Kf7 27.Qh5+ Kf6
28.h4 Qb8 29.Qh6+ Ke7 30.Qg7+ {#r} 1-0

[Event "E04"]
[Site "Cleanchess.com Newcastle ENG"]
[Date "2018.02.16"]
[Round "4.6"]
[White "Raetsky,A"]
[Black "Muir,A"]
[Result "1-0"]
[WhiteElo "2362"]
[BlackElo "2286"]

1.Nf3 Nf6 2.c4 e6 3.d4 d5 4.g3 dxc4 5.Bg2 c5 6.O-O Nc6 7.Ne5 Bd7 8.Na3 cxd4
9.Naxc4 Bc5 10.Bg5 O-O 11.Rc1 Rc8 12.Qb3 b6 13.Rfd1 Qe7 14.Qf3 b5 15.Ng4 bxc4
16.Nxf6+ Kh8 17.Qh5 gxf6 18.Be4 f5 19.Bxe7 Bxe7 20.Bxc6 Bxc6 21.Rxd4 Bd5
22.Rxd5 exd5 23.Qxf5 Kg8 24.Qxd5 Bf6 25.Rxc4 Rcd8 26.Qf5 Rd6 27.b3 Rfd8 28.e3
a6 29.Kg2 Kg7 30.Rc7 Rf8 31.e4 Re8 32.Qh5 Re7 33.Rxe7 Bxe7 34.Qe5+ {#r} 1-0

[Event "E05"]
[Site "Cleanchess.com Neustadt an der Weinstrasse GER"]
[Date "2018.02.13"]
[Round "9.10"]
[White "Meskovs,N"]
[Black "Baskin,R"]
[Result "1-0"]
[WhiteElo "2546"]
[BlackElo "2329"]

1.d4 Nf6 2.c4 e6 3.Nf3 d5 4.g3 Be7 5.Bg2 O-O 6.O-O dxc4 7.Ne5 Nc6 8.Bxc6 bxc6
9.Nxc6 Qe8 10.Nxe7+ Qxe7 11.Qc2 e5 12.dxe5 Qxe5 13.Bf4 Qh5 14.Nc3 g5 15.Bxc7
Ng4 16.h4 gxh4 17.Qe4 hxg3 18.Bxg3 Be6 19.Rad1 Rad8 20.Qf4 Qg6 21.Ne4 h5 22.f3
Rxd1 23.Rxd1 h4 24.fxg4 hxg3 25.Nf6+ Kg7 26.Nh5+ Kg8 27.Qe5 Rc8 28.Kg2 Kf8
29.Nf6 {#r} 1-0

[Event "E05"]
[Site "Cleanchess.com Wachtebeke BEL"]
[Date "2018.02.14"]
[Round "7.5"]
[White "Van der Lende,I"]
[Black "Beukema,Jasper"]
[Result "1-0"]
[WhiteElo "2384"]
[BlackElo "2273"]

1.Nf3 d5 2.g3 Nf6 3.Bg2 e6 4.O-O Be7 5.c4 O-O 6.d4 dxc4 7.Qc2 c5 8.Nbd2 cxd4
9.Nxc4 Nc6 10.Rd1 Nb4 11.Qb3 b5 12.Nce5 Bb7 13.Nxd4 Bxg2 14.Kxg2 Qc7 15.Bf4
Nfd5 16.e4 Nxf4+ 17.gxf4 Qb7 18.f3 a5 19.a3 a4 20.Qe3 Na6 21.Ndc6 Bc5 22.Qe1
Rac8 23.Na5 Qa8 24.Rac1 Nb8 25.Qc3 Qa6 26.Kh1 Bxa3 27.Qxa3 Rxc1 28.Rxc1 Qxa5
29.Qd6 Qd8 30.Rd1 Qh4 31.Qd2 f6 32.Nd3 Rd8 33.Kg2 Nc6 34.Qc2 Nd4 35.Qc7 Rf8
36.Qd7 e5 37.fxe5 fxe5 38.Qd5+ Kh8 39.Nxe5 Qg5+ 40.Kh1 {#r} 1-0

[Event "E05"]
[Site "Cleanchess.com Newcastle ENG"]
[Date "2018.02.16"]
[Round "4.10"]
[White "Townsend,M"]
[Black "Eggleston,D"]
[Result "0-1"]
[WhiteElo "2214"]
[BlackElo "2409"]

1.d4 Nf6 2.c4 e6 3.g3 d5 4.Nf3 Be7 5.Bg2 O-O 6.O-O dxc4 7.Qc2 a6 8.a4 Bd7
9.Rd1 Bc6 10.Nc3 Bxf3 11.Bxf3 Nc6 12.Bxc6 bxc6 13.Bg5 Rb8 14.e3 Ne8 15.Bxe7
Qxe7 16.Ne4 Nd6 17.Nc5 Rb6 18.Rab1 a5 19.e4 Rc8 20.e5 Nf5 21.Qxc4 Rb4 22.Qc3
Qd8 23.Rd3 Qd5 24.Rbd1 Rd8 25.Nb3 Rxa4 26.Qc5 h5 27.h3 Qxc5 28.dxc5 Rd5 29.Kg2
Ra2 30.Rxd5 cxd5 31.Rd2 Ra4 32.c6 Kf8 33.Rc2 Rb4 34.Nxa5 Rb5 35.Nb7 Nd4 36.Rc3
Nxc6 37.Rxc6 Rxb7 38.Rc2 Ke7 39.Kf3 Kd7 40.Kf4 f6 41.exf6 gxf6 42.g4 Rb4+
43.Kg3 hxg4 44.hxg4 e5 45.f3 Kd6 46.Rh2 c5 47.Rh6 Ke7 {#R} 0-1

[Event "E05"]
[Site "Cleanchess.com Jurmala LAT"]
[Date "2018.02.16"]
[Round "3.1"]
[White "Meskovs,N"]
[Black "Tokranovs,Dmitrijs"]
[Result "1-0"]
[WhiteElo "2546"]
[BlackElo "2361"]

1.c4 Nf6 2.Nf3 e6 3.g3 d5 4.Bg2 Be7 5.O-O O-O 6.d4 dxc4 7.Ne5 Nc6 8.Bxc6 bxc6
9.Nxc6 Qe8 10.Nxe7+ Qxe7 11.Qc2 c5 12.Qxc4 cxd4 13.Qxd4 e5 14.Qh4 Qb7 15.Nc3
Be6 16.Bg5 Ng4 17.h3 Qxb2 18.Be7 Rfe8 19.Ne4 Qd4 20.Nd6 Rxe7 21.Rad1 Qb6
22.Qxe7 Nf6 23.a3 Rf8 24.Rb1 Qa6 25.e4 Bxh3 26.Rfc1 Qxa3 27.Rc7 Ne8 28.Nxf7
Qf3 29.Nh6+ Kh8 30.Qxf8+ Qxf8 31.Rf7 Qd6 32.Rb8 Bd7 33.Rd8 gxh6 34.Rfxd7 Qe6
35.Rxa7 h5 36.Raa8 Kg7 37.Rxe8 Qc6 38.Ra7+ Kf6 39.Rf8+ Kg6 40.Rg8+ Kf6 41.Rxh7
Qxe4 42.Rxh5 Qe1+ 43.Kg2 Qe4+ 44.Kh2 Qe2 45.Rf8+ Kg6 46.Rhf5 e4 47.Re5 Qd2
48.Rf4 Qa2 49.Rexe4 Qb2 50.Re6+ Kg5 51.Ref6 Qc2 52.Kh3 Qh7+ 53.Kg2 Qc2 54.Rf8
Qc6+ 55.Kh2 Qh6+ 56.Kg1 Qh7 57.R4f5+ Kg4 58.R5f7 Qb1+ 59.Kh2 Kh5 60.Rg7 Kh6
61.Rg4 Qb2 62.Rh8+ {#r} 1-0

[Event "E05"]
[Site "Cleanchess.com Newcastle ENG"]
[Date "2018.02.14"]
[Round "1.1"]
[White "Donchenko,Alexa"]
[Black "Haria,R"]
[Result "1-0"]
[WhiteElo "2583"]
[BlackElo "2376"]

1.Nf3 Nf6 2.g3 d5 3.Bg2 e6 4.O-O Be7 5.c4 O-O 6.d4 dxc4 7.Ne5 c5 8.dxc5 Qc7
9.Nxc4 Rd8 10.Qb3 Nc6 11.Be3 e5 12.Rc1 Nd4 13.Bxd4 exd4 14.Ncd2 Rb8 15.Na3 Be6
16.Qd3 Qe5 17.Nf3 Qh5 18.Nb5 Bxc5 19.Nbxd4 Bg4 20.e3 Bb6 21.Qf1 Ne4 22.Rc2 Re8
23.Nd2 Ng5 24.h4 Bxd4 25.exd4 Be2 26.Qc1 Ne6 27.Nb3 Bf3 28.Qf1 Rbd8 29.Rd2 Rd5
30.Re1 Red8 31.Rd3 Bxg2 32.Qxg2 h6 33.Qe4 b6 34.Kg2 Nc5 35.Nxc5 bxc5 36.Qf3
Qxf3+ 37.Kxf3 R8d7 38.Re8+ Kh7 39.Ke2 cxd4 40.Rb3 h5 41.Kd3 g6 42.Rb4 Rf5
43.f4 Rc5 44.Rxd4 Rxd4+ 45.Kxd4 Rc2 46.Rb8 Rg2 47.Rb3 Rc2 48.a4 a5 49.Kd3 Rc1
50.Rc3 Ra1 51.b3 Rd1+ 52.Kc4 Rd8 53.Kb5 Rd5+ 54.Kb6 Kg7 55.Rc5 Rd3 56.Rb5 Rxg3
57.Kxa5 Rg4 58.Kb6 Rxh4 59.a5 Rxf4 60.a6 Re4 61.a7 Re6+ 62.Ka5 Re1 63.Ka6 {#r}
1-0

[Event "E10"]
[Site "Cleanchess.com Lutsk UKR"]
[Date "2018.02.16"]
[Round "7.3"]
[White "Budnikov,O"]
[Black "Vetoshko,V"]
[Result "0-1"]
[WhiteElo "2422"]
[BlackElo "2520"]

1.Nf3 Nf6 2.c4 e6 3.d4 c5 4.e3 cxd4 5.exd4 d5 6.Nc3 dxc4 7.Bxc4 Nc6 8.O-O Be7
9.Bb5 O-O 10.Bxc6 bxc6 11.Re1 Qc7 12.g3 Nd7 13.Bf4 Bd6 14.Bg5 Qb7 15.h4 {#R}
0-1

[Event "E10"]
[Site "Cleanchess.com   INT"]
[Date "2018.02.14"]
[Round "6"]
[White "Ivlev,Aleksey"]
[Black "Kulkarni,R"]
[Result "0-1"]
[WhiteElo "2300"]
[BlackElo "2332"]

1.d4 Nf6 2.Nf3 c5 3.d5 e6 4.c4 b5 5.Bg5 bxc4 6.Nc3 Bb7 7.e4 h6 8.Bxf6 Qxf6
9.Bxc4 Be7 10.Qb3 Bc8 11.Nb5 Na6 12.O-O O-O 13.Qa4 Bb7 14.Nc3 Nb8 15.Rad1 d6
16.dxe6 fxe6 17.Qb3 Bc8 18.Nd5 exd5 19.Bxd5+ Kh8 20.Bxa8 Nd7 21.Bb7 c4 22.Qb5
Bxb7 23.Qxb7 Nc5 24.Qd5 Nd3 25.Qb5 Qg6 26.Ne1 Nf4 27.Qd7 Qxe4 28.h3 Rf5 29.Kh2
Bf6 30.g3 Nxh3 31.Ng2 Nxf2 32.Rxf2 Rxf2 33.Rg1 Be5 34.Kh3 Bxg3 35.Qg4 Qxg4+
36.Kxg4 Bh2 {#R} 0-1

[Event "E11"]
[Site "Cleanchess.com   INT"]
[Date "2018.02.14"]
[Round "6"]
[White "Keymer,Vincent"]
[Black "Gozzoli,Y"]
[Result "1-0"]
[WhiteElo "2408"]
[BlackElo "2565"]

1.d4 e6 2.c4 Bb4+ 3.Nd2 Nf6 4.Nf3 O-O 5.a3 Be7 6.e4 d6 7.Bd3 e5 8.O-O Nfd7
9.d5 a5 10.Re1 Nc5 11.Bc2 a4 12.Nb1 f5 13.exf5 Bxf5 14.Bxf5 Rxf5 15.Nc3 Nbd7
16.Be3 Qf8 17.Qe2 Qf7 18.Nd2 Rf8 19.Nde4 b6 20.Ng3 Rf6 21.Nce4 Rg6 22.Bxc5
Nxc5 23.Nxc5 bxc5 24.Rad1 Qf4 25.Qc2 Qg5 26.Re4 Rf4 27.Rde1 h5 28.f3 h4
29.Rxf4 exf4 30.Nf5 Bf6 31.h3 Kf7 32.Re6 Qh5 33.Qxa4 Kg8 34.Re8+ Kh7 35.Qa8
Rh6 36.Rh8+ Kg6 37.Nxh6 {#r} 1-0

[Event "E11"]
[Site "Cleanchess.com   INT"]
[Date "2018.02.14"]
[Round "6"]
[White "Fedoseev,Vl3"]
[Black "Saric,Iv"]
[Result "1-0"]
[WhiteElo "2724"]
[BlackElo "2664"]

1.d4 Nf6 2.c4 e6 3.Nf3 Bb4+ 4.Nbd2 O-O 5.a3 Be7 6.g3 c5 7.dxc5 a5 8.Bg2 Bxc5
9.O-O Nc6 10.Ne1 d5 11.Nd3 Ba7 12.b3 d4 13.b4 Re8 14.b5 Ne7 15.Bb2 Ng6 16.c5
e5 17.b6 Bb8 18.Rc1 e4 19.Ne1 Qd5 20.Nb3 Qh5 21.Bxd4 Nf4 22.f3 exf3 23.Bxf3
Ng4 24.h4 Qg6 25.Qc2 Bf5 26.e4 Ne3 27.Bxe3 Qxg3+ 28.Kh1 Qxh4+ 29.Qh2 Nh3
30.Rc2 Bxh2 31.Rxh2 Bxe4 32.Ng2 Qg3 33.Nd2 Bd3 34.Bxb7 Rab8 35.Rf3 Qg6 36.Bd5
Rxe3 37.Bxf7+ Qxf7 38.Rxf7 Re2 39.Rxh3 Rxd2 40.Rd7 Rd1+ 41.Kh2 Rd2 42.Rhxd3
{#r} 1-0

[Event "E11"]
[Site "Cleanchess.com Israel ISR"]
[Date "2018.02.16"]
[Round "7.6"]
[White "Tratatovici,D"]
[Black "Gorodetzky,David"]
[Result "0-1"]
[WhiteElo "2208"]
[BlackElo "2411"]

1.d4 Nf6 2.c4 e6 3.Nf3 d5 4.g3 Bb4+ 5.Bd2 Be7 6.Bg2 O-O 7.O-O c6 8.Bf4 Nbd7
9.Qc2 Ne4 10.Nc3 g5 11.Bc1 f5 12.Rd1 Bf6 13.Ne1 Qe7 14.f3 Nd6 15.c5 Nf7 16.e4
dxe4 17.fxe4 e5 18.exf5 exd4 19.Ne4 Nde5 20.Nxf6+ Qxf6 21.Rxd4 Bxf5 22.Qc3
Rae8 23.b4 Ng4 24.Bb2 Ne3 25.Qd2 Qg6 26.Bh1 Be4 27.Qxe3 Bxh1 28.Qc3 Bd5 29.Nd3
Re2 30.Rxd5 cxd5 31.Rf1 d4 32.Qc4 Rd2 33.Rf3 Qe4 34.Qxd4 Qxd4+ 35.Bxd4 Rd8
36.Ne5 Nxe5 37.Bxe5 Re8 38.Rf5 h6 39.g4 Rxa2 40.Bg3 Re4 41.b5 Rxg4 42.b6 axb6
43.cxb6 Rb4 44.Bf2 Rb1+ 45.Kg2 Rxb6 46.Kg3 Rb3+ 47.Kg4 Rb4+ 48.Kh5 Rf4 {#R}
0-1

[Event "E11"]
[Site "Cleanchess.com   INT"]
[Date "2018.02.14"]
[Round "6"]
[White "Barbosa,O PHI"]
[Black "Obregon,A"]
[Result "0-1"]
[WhiteElo "2545"]
[BlackElo "2514"]

1.d4 Nf6 2.c4 e6 3.Nf3 Bb4+ 4.Nbd2 O-O 5.a3 Be7 6.e4 d6 7.Be2 e5 8.O-O Nfd7
9.Nb3 a5 10.Be3 Re8 11.Rc1 Bf6 12.dxe5 Nxe5 13.Nfd4 a4 14.Nd2 Nec6 15.Nxc6
bxc6 16.Rb1 c5 17.Bd3 Nc6 18.Bc2 Bd7 19.Bxa4 Ne5 20.Bxd7 Qxd7 21.h3 Reb8
22.Qc2 Qc6 23.Rfd1 Qa6 24.Bf4 Nc6 25.Be3 h6 26.Nf3 Qa4 27.Qe2 Re8 28.Nd2 Rab8
29.Qg4 Kf8 30.Qd7 Re7 31.Qf5 Re6 32.Qh7 Ne7 33.Nf3 Qxc4 34.e5 Bxe5 35.b4 cxb4
36.Nxe5 Rxe5 37.Rd4 Qe6 38.Qh8+ Ng8 39.Rg4 g5 40.axb4 f5 41.Rd4 f4 42.Bd2 Qf6
43.Qh7 Qf5 44.Qxf5+ Rxf5 45.Rc1 Rb7 46.Rdc4 Rf7 47.Bc3 Ne7 48.Ra1 Nf5 49.Ra5
Ke7 50.Kh2 Kd7 51.Bd2 Rb6 52.b5 Rb7 53.g3 fxg3+ 54.fxg3 Ne7 55.Kg2 Rf5 56.Rb4
Rc5 57.Kf3 Nd5 58.Rb3 Rc4 59.Ra8 Ne7 60.Rh8 Nf5 61.Rh7+ Ke6 62.Be3 Kf6 63.Bf2
Kg6 64.Rd7 h5 65.g4 hxg4+ 66.hxg4 Nh6 67.b6 Nxg4 68.Bg3 Nf6 69.Rd8 Nd5 70.Rb5
Rc3+ 71.Kf2 Rxb6 72.Rxb6 Nxb6 73.Bxd6 Rc6 74.Bxc7 Nc4 75.Bg3 Kf5 76.Rd4 Rc5
77.Bd6 Rc6 78.Bg3 Nb6 79.Kg2 Rc3 80.Be1 Rc2+ 81.Kf3 Nc4 82.Rd5+ Ne5+ 83.Ke3
Ke6 84.Rb5 g4 85.Bg3 Rc3+ 86.Kf4 Rf3+ 87.Ke4 Nd7 88.Bc7 Nf6+ 89.Kd4 Ra3 90.Ra5
Rb3 91.Ra6+ Kf5 92.Ra5+ Kg6 93.Ra6 Kf7 94.Be5 Nd7 95.Ra7 Ke6 96.Ra6+ Kf5
97.Bc7 g3 98.Bxg3 Rxg3 99.Ra5+ Kf4 100.Ra1 Ne5 101.Rf1+ Nf3+ 102.Kd3 Rg8
103.Ra1 Rd8+ 104.Kc4 Ke4 105.Kc5 Ke5 106.Kc4 Nd2+ 107.Kb4 Rd4+ 108.Kb5 Kd5
109.Ra8 Nc4 110.Rh8 Nd6+ 111.Ka5 Kc6 112.Rh6 Rf4 113.Rg6 Kc5 114.Rg5+ Nf5
115.Ka6 Kc6 116.Ka5 Ne7 117.Rh5 Rg4 118.Rh1 Nd5 119.Rc1+ Kd6 120.Kb5 Rb4+
121.Ka5 Rb8 122.Rc2 Ne3 123.Rc3 Nd5 124.Rc1 Nb4 125.Rb1 Nc6+ 126.Ka6 Ra8+
127.Kb7 Rb8+ 128.Ka6 Rf8 129.Kb6 Nd4 130.Rd1 Rf4 131.Rh1 Nf5 132.Rd1+ Nd4
133.Rh1 Rf6 134.Rh5 Ne6 135.Rh1 Kd5 136.Rh5+ Kc4 137.Kb7 Nc5+ 138.Kc7 Kb5
139.Kd8 Rf7 140.Rg5 Kc6 141.Ke8 Ra7 142.Rg6+ Kd5 143.Rg1 Ne4 144.Rb1 Ke6
145.Kf8 Rf7+ {#R} 0-1

[Event "E12"]
[Site "Cleanchess.com   INT"]
[Date "2018.02.14"]
[Round "6"]
[White "Ivlev,Aleksey"]
[Black "Anand,V"]
[Result "0-1"]
[WhiteElo "2300"]
[BlackElo "2767"]

1.d4 Nf6 2.c4 b6 3.Nf3 Bb7 4.Nc3 e6 5.a3 d5 6.cxd5 Nxd5 7.e3 Be7 8.Bb5+ c6
9.Bd3 Nd7 10.O-O O-O 11.e4 Nxc3 12.bxc3 c5 13.Bf4 Nf6 14.Qe2 Rc8 15.Rfd1 cxd4
16.cxd4 Rc3 17.a4 Qa8 18.e5 Bxf3 19.Qxf3 Qxf3 20.gxf3 Nd5 21.Be3 Rfc8 22.a5 h6
23.Kf1 Bg5 24.Ke2 Rb3 25.Rd2 g6 26.h4 Bxh4 27.f4 Bd8 28.axb6 Bxb6 29.Rg1 Ba5
30.f5 Nxe3 31.Ra2 Nxf5 32.Bxf5 exf5 33.Rxa5 Rc2+ 34.Kf1 Rbb2 35.Rxa7 Rxf2+
36.Ke1 Rfe2+ 37.Kf1 Red2 38.Ra1 Rxd4 {#R} 0-1

[Event "E12"]
[Site "Cleanchess.com Aarhus DEN"]
[Date "2018.02.13"]
[Round "4.2"]
[White "Matthiesen,M"]
[Black "Vorobiov,E"]
[Result "0-1"]
[WhiteElo "2314"]
[BlackElo "2548"]

1.d4 Nf6 2.Nf3 b6 3.c4 Bb7 4.Nc3 e6 5.a3 d5 6.cxd5 Nxd5 7.Qc2 Be7 8.e4 Nxc3
9.bxc3 O-O 10.Bd3 c5 11.O-O Qc7 12.Qe2 Rd8 13.Bb2 Nc6 14.Rad1 Na5 15.Rfe1 Rac8
16.Ne5 Bf8 17.h4 Nb3 18.Bb1 Na5 19.h5 f6 20.Ng4 Qf7 21.Rd3 Kh8 22.Rh3 h6
23.Ba2 Qe8 24.Bb1 cxd4 25.cxd4 Nc4 26.Nh2 Nxb2 27.Qxb2 Qa4 28.Nf3 Qxa3 29.Qxa3
Bxa3 30.Nh4 Bb4 31.Rd1 Kg8 32.Ba2 Kf7 33.d5 Ke8 34.Rb1 a5 35.dxe6 Bxe4 36.Rf1
Rd2 37.Re3 Bd3 38.Rfe1 Rxa2 39.Rxd3 Bxe1 {#R} 0-1